Alphabet des personnages Disney - Statistiques

Statistiques générales
  • Ce quiz a été pris 1 412 fois
    1 395 depuis la dernière actualisation
  • Le résultat moyen est 12 sur 55
Statistiques - réponses
Personnage Hint Réponse % Correct
Personnage Féminin A Ariel
67%
Personnage Masculin A Aladdin
66%
Personnage Féminin A Anna
60%
Personnage Feminin C Cendrillon
60%
Personnage. Feminin B Belle
56%
Personnage Masculin H Hercule
56%
Personnage Feminin J Jasmine
52%
Perosnnage Feminin E Elsa
45%
Animal S Simba
41%
Animal G Gus
39%
Peronnage Feminin U Ursula
38%
Animal B Baloo
37%
Animal N Nala
35%
Personnage masculin G Gaston
33%
Animal A Abu
30%
Personnage Masculin Q Quasimodo
29%
Personnage Masculin E Eric
28%
Animal M Mufasa
27%
O Olaf
27%
Animal I Iago
26%
Personnage Masculin P Peter pan
25%
Personnage Masculin H Hans
24%
Animal N Némo
24%
Animal D Dory
22%
Animal T Timon
22%
Animal Z Zazu
21%
Animal M Marie
19%
Animal P Pan pan
19%
Personnage Feminin Y Yzma
19%
Animal S Sven
17%
Animal R Rémy
16%
Animal C Clochard
15%
Personnage Masculin K Kristoff
14%
Animal L Lady
12%
Personnage Masculin J Jean
10%
Animal T Tigrou
10%
Animal B Bourriquet
9%
Animal P Porcinet
9%
Personnage Feminin J Judy
8%
Animal W Winnie l’ourson
8%
Personnage Feminin J Jessie
6%
Personnage Masculin K Ken
6%
Z Zip
6%
Animal N Nana
5%
Animal Z Zig Zag
5%
Animal F Figaro
4%
Personnage Masculin M Michel
4%
Animal R Rex
3%
Personnage Feminin D Darla
2%
Animal D Doug
2%
Animal L Lotso
2%
Personnage Masculin R Russell
2%
Personnage Masculin F Frozone
1%
Personnage Masculin H Hiro
1%
Animal V Vixy
1%
Aucun quiz correspondant
Distribution des résultats
% des personnes avec chaque résultat
Percentile par nombre de réponses
Votre historique - résultats
Vous n’avez pas pris ce quiz depuis la dernière actualisation